00574cam a2200169 a 4500020001500000040000800015082002600023100002000049245003900069250001200108260003300120300002100153520017000174650001500344650003000359650001500389 a0689309112 cDLC00a813 ATH 1982 A093 Or.1 aVoigt, Cynthia.10aTell me if the lovers are losers / a1st ed. aNew York :bAtheneum,c1982. a241 p. ;c22 cm. aIn 1961 at a college for academically gifted women, three roommates who differ substantially from each other are brought together by a common interest in volleyball. 1aVolleyball 1aUniversities and colleges 1aFriendship